00455nam a22001697a 450000500170000001000130001702000260003003500130005603700090006908200080007810000170008624500640010326000370016727000420020430000210024650000180026720210623160453.0 aB-740284 a9781439149959c499.00 aB-740284 bGift a901 aDurant, Will aThe lessons of history /cby Will Durant [and] Ariel Durant aNew YorkbSimon & Schusterc1996 a1230 Avenue of the AmericasbNew York a117p.c21cm(pbk) ainclude index